Vedľajšie vety v nemeckom odbornom ekonomickom texte II

Lingvistická analýza podmetových viet v nemeckých ekonomických textoch.

Saved in:
Bibliographic Details
Main Author: Flochová, Eleonóra
Format: Book Chapter
Language:Slovak
Subjects:
Tags: Add Tag
No Tags, Be the first to tag this record!

MARC

LEADER 00000nla a2200000 4500
001 0182582
005 20240502073126.1
041 0 |a slo 
044 |a SK 
245 1 0 |a Vedľajšie vety v nemeckom odbornom ekonomickom texte II  |c Eleonóra Flochová 
520 |a Lingvistická analýza podmetových viet v nemeckých ekonomických textoch. 
610 2 0 |a jazyky cudzie 
610 2 0 |a nemčina 
610 2 0 |a jazykoveda 
610 2 0 |a gramatika 
100 1 |a Flochová, Eleonóra